| 000 | 00744nam a22002537a 4500 | ||
|---|---|---|---|
| 005 | 20170123162328.0 | ||
| 010 | _a168363 | ||
| 020 | _c6.00 | ||
| 035 | _a168363 | ||
| 037 | _bCen Lib/Ret | ||
| 040 |
_aDPL _bUR |
||
| 082 |
_a841 _bب س م |
||
| 100 |
_aبسمل _9120171 |
||
| 245 |
_aمساہرات / _cبسمل |
||
| 246 |
_aMasaahirat / _bby Bismil |
||
| 260 |
_aنیی دہلی _bمکتبہ جامہ لمیٹڈ _c1960 |
||
| 270 |
_bنیی دہلی _aجامہ نگر _e110025 |
||
| 300 |
_a311p. _c19cm(Hb) |
||
| 650 |
_aادب - اردو _9120172 |
||
| 650 |
_a اردو نظمیں _9120173 |
||
| 650 |
_aLitrerature -- Urdu _9120174 |
||
| 650 |
_aUrdu poems _9120175 |
||
| 942 |
_2ddc _cUR _h841 _mب س م |
||
| 999 |
_c107573 _d107573 |
||